000
00302nam a22001337a 4500
020
_a
9789533071299
040
_c
NUST
082
_a
671.5
_b
XIA
100
_a
Na, Xiaodong
_9
34647
245
_a
Laser Welding
260
_a
Croatia. :
_b
INTECH,
_c
2017.
300
_a
240p .;
_c
23 cm.
942
_2
ddc
_c
BK
999
_c
540563
_d
540563